000 00591nam a22001697a 4500
003 BD-DhUL
005 20190903114600.0
008 190903s1934 ii ||||| |||| 00| 0 urd d
040 _aBD-DhUL
_cBD-DhUL
082 _a954.1
_bASB
100 1 _aاستارصاحب، محمد عبد
245 1 0 _aبنگال کی اتبدائی تاریخ مالگزاری /
_cمحمد عبد استارصاحب
_b
260 _aحیدراباد دکن :
_bدار الطبع جامعہ عثمانیہ،
_c۱۹۳۴۔
300 _aص۔ ۲۷۷ ؛
_c۲۴ سم۔
650 4 _aIndia - History
942 _2ddc
_cBK
999 _c249558
_d249558